Effect of using cashew apple meal in feed ingredient on growth rate of local duck at animal experiment station of royal university of agriculture, ប្រសិទ្ធភាពនៃការប្រើប្រាស់ផ្លែស្វាយចន្ទីជាចំនីផ្សំទៅលើការលូតលាស់របស់ទាក្នុងស្រុក នៅស្ថានីយ៏ពិសោធន៏សត្វ នៃសាកលវិទ្យាល័យភូមិន្ទកសិកមុម (Record no. 2178)
[ view plain ]
| 000 -LEADER | |
|---|---|
| fixed length control field | 00900nam a22001577a 4500 |
| 003 - CONTROL NUMBER IDENTIFIER | |
| control field | OSt |
| 005 - DATE AND TIME OF LATEST TRANSACTION | |
| control field | 20151007162311.0 |
| 008 - FIXED-LENGTH DATA ELEMENTS--GENERAL INFORMATION | |
| fixed length control field | 151007b xxu||||| |||| 00| 0 eng d |
| 040 ## - CATALOGING SOURCE | |
| Transcribing agency | RUA |
| 082 ## - DEWEY DECIMAL CLASSIFICATION NUMBER | |
| Classification number | AVM SON 2007 B080 Or.1 |
| 100 ## - MAIN ENTRY--PERSONAL NAME | |
| 9 (RLIN) | 2312 |
| Personal name | SONG, MENG. |
| 245 ## - TITLE STATEMENT | |
| Title | Effect of using cashew apple meal in feed ingredient on growth rate of local duck at animal experiment station of royal university of agriculture, ប្រសិទ្ធភាពនៃការប្រើប្រាស់ផ្លែស្វាយចន្ទីជាចំនីផ្សំទៅលើការលូតលាស់របស់ទាក្នុងស្រុក នៅស្ថានីយ៏ពិសោធន៏សត្វ នៃសាកលវិទ្យាល័យភូមិន្ទកសិកមុម |
| 260 ## - PUBLICATION, DISTRIBUTION, ETC. (IMPRINT) | |
| Place of publication, distribution, etc. | Phnom Penh |
| Name of publisher, distributor, etc. | RUA |
| Date of publication, distribution, etc. | 2007 |
| 300 ## - PHYSICAL DESCRIPTION | |
| Extent | x; 42p. |
| Other physical details | ill. |
| Dimensions | 29cm. |
| 942 ## - ADDED ENTRY ELEMENTS (KOHA) | |
| Source of classification or shelving scheme | |
| Koha item type | AVM |
| Price effective from | Date last seen | Permanent Location | Not for loan | Date acquired | Source of classification or shelving scheme | Koha item type | Lost status | Withdrawn status | Date last checked out | Total Checkouts | Shelving location | Damaged status | Barcode | Checked out | Current Location | Full call number |
|---|---|---|---|---|---|---|---|---|---|---|---|---|---|---|---|---|
| 2015-10-07 | 2015-10-07 | Library Block B | 2015-10-07 | AVM | B080 | RUA016578 | Library Block B | AVM SON 2007 B080 Or.1 | ||||||||
| 2015-10-07 | 2015-10-07 | Library Block B | 2015-10-07 | AVM | B080 | RUA025207 | Library Block B | AVM SON 2007 B080 Or.2 | ||||||||
| 2015-10-07 | 2018-03-05 | Library Block B | 2015-10-07 | AVM | 2018-02-27 | 1 | B080 | RUA027937 | Library Block B | AVM SON 2007 B080 Or.3 | ||||||
| 2016-02-04 | 2016-12-03 | Library Block B | 2016-02-04 | AVM | 2016-11-26 | 2 | RUA41213 | Library Block B | AVM SON 2007 B080 Or.4 | |||||||
| 2016-02-04 | 2025-03-22 | Library Block B | 2016-02-04 | AVM | 2025-03-22 | 2 | RUA41376 | 2025-04-26 | Library Block D | AVM SON 2007 B080 Or.5 |